000 00676cab a2200229 4500
001 ABS43549
008 090401t1990 xxu||||| |||| 00| 0 eng d
035 _a(Sirsi) u42311
041 _aeng
100 _aBolton, A.
245 _aUnited!
260 _c1990
350 _a0
490 _aNew Civil Engineer
_v(916) 4 October 1990, 24-28(4)
520 _aConsiders the effects of German Reunification on the Europe an construction industry as it will create Europe`s second largest construction market .
650 _aEAST GERMANY
650 _aGERMANY
650 _aFEDERAL REPUBLIC OF GERMANY
690 _aOVERSEAS-EUROPE
942 _n0
948 _c04/03/1997
999 _c27157
_d27157